BUBT Library Online Catalog

স্ট্যাম্প আইন (The Stamp Act, 1899)/ (Record no. 7250)

000 -LEADER
fixed length control field 00898nam a22002297a 4500
003 - CONTROL NUMBER IDENTIFIER
control field BUBTL
008 - FIXED-LENGTH DATA ELEMENTS--GENERAL INFORMATION
fixed length control field 240308b ||||| |||| 00| 0 eng d
020 ## - INTERNATIONAL STANDARD BOOK NUMBER
International Standard Book Number 9847021500529
041 ## - LANGUAGE CODE
Language code of text/sound track or separate title Bangla to English
082 ## - DEWEY DECIMAL CLASSIFICATION NUMBER
Edition number 1st ed.
Classification number 343.057/ P2811s/ 2008
100 ## - MAIN ENTRY--PERSONAL NAME
Personal name পাল, নির্মল চন্দ্র
9 (RLIN) 5280
245 ## - TITLE STATEMENT
Title স্ট্যাম্প আইন (The Stamp Act, 1899)/
Remainder of title নির্মল চন্দ্র পাল, এড. মাসুদুজ্জামান (মির্জা মাসুদ)
250 ## - EDITION STATEMENT
Edition statement 1st ed.
260 ## - PUBLICATION, DISTRIBUTION, ETC. (IMPRINT)
Place of publication, distribution, etc. Dhaka
Name of publisher, distributor, etc. Shams Publications
Date of publication, distribution, etc. c2008
300 ## - PHYSICAL DESCRIPTION
Extent [20], 252 p. :
Other physical details ill. ; 21 cm.
526 ## - STUDY PROGRAM INFORMATION NOTE
Program name Law
650 #0 - SUBJECT ADDED ENTRY--TOPICAL TERM
9 (RLIN) 5724
Topical term or geographic name as entry element Law
700 ## - ADDED ENTRY--PERSONAL NAME
9 (RLIN) 5753
Personal name এড. মাসুদুজ্জামান (মির্জা মাসুদ)
856 ## - ELECTRONIC LOCATION AND ACCESS
Password 0
Logon 0
Link text Download
942 ## - ADDED ENTRY ELEMENTS (KOHA)
Source of classification or shelving scheme
Koha item type Books
Holdings
Withdrawn status Lost status Source of classification or shelving scheme Damaged status Not for loan Collection code Permanent location Current location Shelving location Date acquired Source of acquisition Inventory number Total Checkouts Full call number Barcode Date last seen Copy number Price effective from Koha item type
        Not For Loan Non-fiction Bangladesh University of Business and Technology Library Bangladesh University of Business and Technology Library Law Stacks 01/13/2009 Purchase 6434   343.057/ P2811s/ 2008 BUBTL-20036434 03/08/2024 C-1 03/08/2024 Books

More Information About Library

Library Hours

  • Open: 9.00 am. to 9.00 pm.
  • Only Sunday: 9.00 am. to 6.00 pm.
  • Closed: Holiday

Contact to the University

Bangladesh University of Business and Technology Library

  • Mirpurl-2, 1216.
  • Phone:
  • Fax:
  • E-Mail: admin.library@bubt.edu.bd

Contact to the Library

Contact Person:

Md. Abdul Hakim Shah
Joint Librarian
PABX No:  113
Cell No: 01816332931
E-mail: official: admin.library@bubt.edu.bd
Personal: hakim.shah@bubt.edu.bd


BUBT Library

Copyright © 2021